000 00759nam a2200241 a 4500
001 000038214
003 DO-SdBNP
005 20220510133530.0
007 ta
008 130322s2006 dr a r 000 0 spa d
040 _aDO-SdBNP
_bspa
_cBNPHU
082 4 _bV434l
_222
100 1 _aVelazquez, Vladimir
_955175
245 1 0 _aLíneas alternas /
_cVladimir Velázquez.
260 _aSanto Domingo :
_bBanco Central de la República Dominicana,
_c2006.
300 _a128 p. :
_bil. ;
_c28 cm.
490 1 _aBanco Central de la República Dominicana
_v87
490 1 _aArte y literatura
_v35
590 _aInventariado, 2018/BT
830 0 _aBanco Central de la República Dominicana
_n87
_964579
830 0 _aArte y literatura
_n87
_964580
942 _2ddc
_cLBS1
999 _c37704
_d37704